00321cam a22000977a 4500008004000000082002400040245007000064260004300134300001300177700003300190180718b1969 xxu||||| |||| 00| 0 eng d aR15303x54 In2b-1967 aLok Sabha: the contract labour : reportcby Lok Sabha Secretariat aNew DelhibLok Sabha Secretariatc1969 axxi, 68p aIndia. Lok Sabha Secretariat